De jóvenes a jóvenes : aproximaciones al Alcibíades I de Platón /

Detalles Bibliográficos
Otros Autores: Prada Dussán, Maximiliano (Editor)
Formato: Electrónico eBook
Lenguaje:español
Publicado: Bogotá, Colombia : Editorial Aula de Humanidades, 2025.
Edición:Primera edición.
Colección:Colección Filosofía (Editorial Aula de Humanidades). Serie ¡Enseñar filosofía!
Materias:
Acceso en línea:Digitalia Hispánica

MARC

LEADER 00000nam a2200000Ii 4500
001 DIGAUHUM0057
003 NyNyDIG
006 m o d
007 cr |||||||||||
008 260205s2025 ck ob 000 0 spa d
035 |a (OCoLC)1573182522 
040 |a DGITA  |b eng  |e rda  |e pn  |c DGITA 
020 |a 9786287777255  |q (versión digital) 
020 |z 9786287777248  |q (versión impresa) 
050 1 4 |a B395 ebook 
245 0 0 |a De jóvenes a jóvenes :  |b aproximaciones al Alcibíades I de Platón /  |c Maximiliano Prada Dussán (coord.). 
250 |a Primera edición. 
264 1 |a Bogotá, Colombia :  |b Editorial Aula de Humanidades,  |c 2025. 
300 |a 1 online resource. 
336 |a text  |b txt  |2 rdacontent 
337 |a computer  |b c  |2 rdamedia 
338 |a online resource  |b cr  |2 rdacarrier 
347 |a text file  |2 rdaft 
347 |b PDF 
490 1 |a Colección: Filosofía. Serie: ¡Enseñar Filosofía! 
504 |a Includes bibliographical references. 
588 0 |a Online resource; title from PDF title page (Digitalia, viewed February 5, 2026) 
600 0 0 |a Plato. 
600 0 0 |a Plato  |x Influence. 
600 0 0 |a Plato.  |t Alcibiades I. 
650 0 |a Philosophy, Modern  |y 20th century. 
650 0 |a Self (Philosophy) 
650 0 |a Wisdom. 
650 0 |a Spirituality. 
700 1 |a Prada Dussán, Maximiliano,  |e editor. 
791 2 |a Digitalia (Firm),  |e distributor. 
793 0 |g Digitalia eBook Collection:  |a Editorial Aula de Humanidades 
776 0 8 |i Print version:  |t De jóvenes a jóvenes.  |b Primera edición.  |d Bogotá, Colombia : Editorial Aula de Humanidades, 2025  |z 9786287777248 
830 0 |a Colección Filosofía (Editorial Aula de Humanidades).  |p Serie ¡Enseñar filosofía! 
856 4 0 |3 Digitalia Hispánica  |u https://www.digitaliapublishing.com/a/175601/ 
910 |a Premium collection: 2026